| 000 | 00704nam a2200193 i 4500 | ||
|---|---|---|---|
| 001 | 90641 | ||
| 003 | ES-MaACL | ||
| 005 | 20250731001135.0 | ||
| 007 | t| | ||
| 008 | 050124s1906 sp |||| | spa d | ||
| 100 | 1 |
_aLecea y García, Carlos de ( _d1835-1919) _9144318 |
|
| 245 | 1 | 0 |
_aRelación histórica de los principales comuneros segovianos / _cCarlos Lecea y García. |
| 260 |
_aSegovia : _b[s.n.], _c1906 ( _fImp. del Diario de Avisos) |
||
| 300 |
_a170 p. ; _c21 cm. |
||
| 650 | 4 |
_aSegovianos- _xBiografías. _9157661 |
|
| 651 | 7 |
_aCastilla (Reino)- _xHistoria- _y1520-1521, Rebelión de los comuneros _2 _9142469 |
|
| 852 |
_aES-MaACL _jF-1861(1) _z- Enc. con otras obras |
||
| 999 |
_c90641 _d90641 |
||